书目信息 |
| 题名: |
生物数学概论
|
|
| 作者: | 杨纪珂 编译 | |
| 分册: | ||
| 出版信息: | 北京 科学出版社 1982 |
|
| 页数: | 805页 | |
| 开本: | 21cm | |
| 丛书名: | ||
| 单 册: | ||
| 中图分类: | Q-332 | |
| 科图分类: | ||
| 主题词: | 生物数学--概论 | |
| 电子资源: | ||
| ISBN: | ||
| 000 | 00621nam0 2200241 45 | |
| 001 | 0182005748 | |
| 005 | 20040524162608.2 | |
| 010 | @dCNY4.70 | |
| 091 | @a13031.1963 | |
| 100 | @a19950421d1982 em y0chiy0121 ea | |
| 101 | 1 | @achi |
| 102 | @aCN@b110000 | |
| 105 | @ay z 000yy | |
| 106 | @ar | |
| 200 | 10 | @a生物数学概论@Asheng wu shu xue gai lun@f杨纪珂等编译 |
| 210 | @a北京@c科学出版社@d1982 | |
| 215 | @a805页@d21cm | |
| 606 | @a生物数学@x概论 | |
| 690 | @aQ-332@v3 | |
| 701 | 0 | @a杨纪珂@Ayang ji ke@4编译 |
| 801 | 0 | @aCN@b上海图书馆@c20040524 |
| 801 | 2 | @aCN@bNLC@c20040524 |
| 905 | @f1@b110042@dQ-332@e3 | |
| 生物数学概论/杨纪珂等编译.-北京:科学出版社,1982 |
| 805页;21cm |
| ISBN :CNY4.70 |
| ● |
| 相关链接 |
|
|
|
|
正题名:生物数学概论
索取号:Q-332/3
 
预约/预借
| 序号 | 登录号 | 条形码 | 馆藏地/架位号 | 状态 | 备注 |
| 1 | 0110042 | 000075019 | 第三借阅区/ [索取号:Q-332/3] | 在馆 | |
| 2 | 0110043 | 202106817 | 第二样本阅览室/ [索取号:Q-332/3] | 在馆 |